Marketing orientovaný na seniorov

Enregistré dans:
Détails bibliographiques
Auteur principal: Lesáková, Dagmar, 1949-
Collectivité auteur: Ekonomická univerzita v Bratislave. Obchodná fakulta
Autres auteurs: Horská, Elena, Michalová, Valéria
Format: Livre
Langue:slovaque
Publié: Bratislava Vydavateľstvo EKONÓM 2016
Édition:1. vyd.
Sujets:
Tags: Ajouter un tag
Pas de tags, Soyez le premier à ajouter un tag!

MARC

LEADER 00000nam a2200000 4500
001 0228650
005 20240502073747.7
020 |a 978-80-225-4375-0 
041 0 |a slo 
044 |a SK 
245 1 0 |a Marketing orientovaný na seniorov  |c Dagmar Lesáková ; recenzenti: Elena Horská, Valéria Michalová 
250 |a 1. vyd. 
264 1 |a Bratislava  |b Vydavateľstvo EKONÓM  |c 2016 
300 |a 112 s. [7,65 AH] 
610 2 0 |a marketing 
610 2 0 |a seniori 
610 2 0 |a starnutie populácie 
610 2 0 |a stratégia marketingová 
610 2 0 |a segmentácia trhu 
610 2 0 |a marketing mix 
610 2 0 |a produkty 
610 2 0 |a politika cenová 
610 2 0 |a distribúcia 
610 2 0 |a komunikácia marketingová 
610 2 0 |a správanie spotrebiteľa 
610 2 0 |a rozhodovanie nákupné 
610 2 0 |a spotreba domácností 
100 1 |a Lesáková, Dagmar, 1949- 
700 1 |a Horská, Elena 
700 1 |a Michalová, Valéria 
710 2 |a Ekonomická univerzita v Bratislave. Obchodná fakulta